Quizzes
Events
Quiz Creation
Community
Videos
Private Events
Remove Ads
Sign In
Join for FREE
Feedback
Dark Mode
Quiz Categories
Sports
Geography
Music
Movies
Television
Just For Fun
Miscellaneous
History
Literature
Language
Science
Gaming
Entertainment
Religion
Holiday
For Kids
Quiz Lab
Recent
Popular Today
Quiz Kudos Today
Editor Picks
Curator Picks
Quizzes by...
Day
Popularity
Type
Ratings
Length
Year
Community
Subscriptions
Recent Discussions
Orange Saloon
Badges
Playlists
Quests
Create
Leaderboards
Showdown
Live 5
Trivia Bingo
Activity
Puzzle Library
Sporcle Events
Private Events
Virtual Trivia
Globe League
Become a Host
Pub Owners
SporcleCon
Opinionation
Our Games
Videos
Blog
Mobile Apps
Partnerships
Remove Ads and Go Orange
Feedback
Television
TV Characters
TV Show
Sitcom
Network
Friends
Reality Shows
Cast
South Park
Star Trek
The Simpsons
Doctor Who
Television
TV Characters
TV Show
Sitcom
Network
Friends
Reality Shows
Cast
South Park
Star Trek
The Simpsons
Doctor Who
Random Quiz
Search Sporcle
×
Quiz Lab
Quiz Lab
Television
Elements
Type in answers that appear in a list
Type in answers that appear in a list
Classic
Best Score? Go Orange.
Missing LOST? Stats
Can you name the missing elements from these LOST categories?
By
kyll
10m
15 Questions
618 Plays
618 Plays
618 Plays
Comments
Comments
Give Quiz Kudos
Give Quiz Kudos
-
- Ratings
hide this ad
Replay
Link that replays current quiz
Next Quiz
Link to next quiz in quiz playlist
You Got
0%
They Got
Avg Score
53%
Avg Friend Score
Upgrade to see
Score Distribution
Jump to the score distribution portion of the page
Score
0/15
Timer
10:00
0
Plays Today
Group Elements
Missing Element
% Correct
Jack, Kate, Hurley, Sun, Sayid
Aaron
94.7%
4, 8, 16, 23, 42
15
91.7%
Libby, Ana Lucia, Mr. Eko, Cindy
Bernard
82.2%
Kate, Sawyer, Claire, Frank, Miles
Richard
72.3%
Brian Porter, Walt and Michael Dawson, Rose and Bernard
Shannon
67.3%
Frank, Daniel, Charlotte, Miles, Keamy and is crew
Naomi
66%
Internet Chess, Golf, Ping Pong, Senet, Football
Backgammon
62.3%
Looking-
Glass, Orchid, Swan, Lamp Post, Tempest, Staff, Arrow, Flame, Pearl
Hydra
46.1%
Group Elements
Missing Element
% Correct
Roger, Keamy, Matthew Abaddon, John Locke, Caesar, Charles Widmore
Jacob
43.4%
John Locke, Anthony Cooper, (Boone) Carlyle, Jeremy Betham, Mikhail Bakunin, Edmund Burke, (Desmond) David Hume, (Charlotte) Staples Lewis
(Danielle) Rousseau
37.5%
Nadia Jazeem, Penny Widmore, Tom Brennan, Jae Lee, Cassidy Phillips, Sarah Shephard
Helen Norwood
33.5%
Christian Shephard, Yemi, Smoke Monster, Alex, Locke
Isabella
32.8%
Temple, The Source, Cabin, Statue, Caves
Lighthouse
30.1%
Christian, Wayne, Roger, Anthony Cooper, Warren Ford, Charles, Michael, Robert, Pierre Chang
Jin Kwon
24.9%
Sonar fence, Banyan trees, Explosives, Candidacy, The Source
Ash Circle
22.2%
Quiz Playlist
Details
Report
Send in Message
Add To Playlist
Classic:
Type in answers that appear in a list
Quiz Source
Last Updated: Feb 16, 2017
Quiz Scoreboard
CHALLENGE
Sign Up to Join the Scoreboard
Show All
Scores
Hide
Comments
May contain spoilers
Recently Published
NBA Finals Game Top Scorers (2010s)
by flibbidy
Sports
5m
Guess the 'R' Things in 3 Words
by MSUKent
Miscellaneous
3m
Actor to Badly Drawn Movie III
by MoMosMoProblems
Movies
5m
More to Explore
Quiz From the Vault
Featured Blog Post
Where Does Lost Luggage Go?
hide this ad
You Might Also Like...
Tags
Elements Quiz
Category
group
Lost (ABC)
Today's Top Quizzes in Television
Browse Television
hide this ad
Today's Top Quizzes in Elements
Browse Elements
Top Contributed Quizzes in Television
1
Hidden Simpsons Character
2
First Name TV: Leading Men
3
Hidden Simpsons Character II
4
Hidden Simpsons Character III
5
First Name TV: Leading Women Drama
6
Hidden Simpsons Character IV
7
Hidden Simpsons Character V
8
Hidden Simpsons Character VI
9
Hidden Simpsons Character VII
10
Pick A Pair: Religious TV
Explore More
Trending Topics
NBA
Harry Potter
Anime
Crossword
Kpop
Disney
Marvel
Song
NFL
Puzzle
WWE
Soccer
Country
Pokémon
The Office
hide this ad
More By:
kyll
Quiz
Plays
Rating
Category
Featured
Created
Grammy Nominees (2013)
18,972
4.34
Music
Dec 7, 2013
Hannah Baker's 13 Reasons Why
9,226
4.57
Television
Apr 2, 2017
Early Oscar 2013 Predictions
1,750
4.08
Movies
Dec 6, 2012
Oscar 2011 predictions
863
3.71
Movies
Dec 10, 2010
Grammy Nominees (2014)
768
5.00
Music
Dec 6, 2014
Go to Creator's Profile
Score Distribution
Quiz Creator Spotlight
kyll
Follow
Send a Message
Quizzes Created
-
Created Quiz Play Count
-
More By This Creator
Popular Quizzes Today
1
Find the US States - No Outlines Minefield
2
Find the US States
3
The Countries of the World
4
10 Largest US States in Order
5
Find the Countries of Europe - No Outlines Minefield
6
US States
7
Guess the 'R' Things in 3 Words
8
NBA Finals Game Top Scorers (2010s)
More Television Quizzes
Illustrated Crossword: The Office
Published
Trending Quizzes
First Name TV: Leading Men
Match the Book to the Film II
First Name TV: Leading Women Drama
Match the Book to the Film VI
Pick A Pair: Religious TV
Recently Updated
Women's Final Four Teams by Year
bhenderson79
Presidents Quartet II
eogle
Anything But Clue(do)
eogle
Anything But Oceanian Capitals
eogle
Anything But 7
eogle
Anything But Thing
eogle
Word Ladder: February 29
pecheneg
Song Title Questions
pecheneg
Women's NCAA Tournament #1 Seeds
pecheneg
Celebrity Mug Shots
pecheneg
Trending Topics
Anime
NBA
Kpop
Crossword
Harry Potter
Marvel
Disney
NFL
Puzzle
Soccer
Country
Song
WWE
Pokémon
The Office
Your Account Isn't Verified!
In order to create a playlist on Sporcle, you need to verify the email address you used during registration. Go to your
Sporcle Settings
to finish the process.
Report this User
Report this user for behavior that violates our
Community Guidelines
.
Details:
Send Report
Go to the Sporcle.com Mobile Site →
Comments